Method in Theology (Record no. 120198)
[ view plain ]
| 000 -LEADER | |
|---|---|
| fixed length control field | 00327nam a22001097a 4500 |
| 008 - FIXED-LENGTH DATA ELEMENTS--GENERAL INFORMATION | |
| fixed length control field | 140314b xxu||||| |||| 00| 0 eng d |
| 050 ## - LIBRARY OF CONGRESS CALL NUMBER | |
| Classification number | BR118.l65 1972 |
| 100 ## - MAIN ENTRY--PERSONAL NAME | |
| Personal name | Bernard J. F. Lonergan S.J. |
| 9 (RLIN) | 9072 |
| 245 ## - TITLE STATEMENT | |
| Title | Method in Theology |
| Statement of responsibility, etc | Bernard J. F. Lonergan S.J. |
| 260 ## - PUBLICATION, DISTRIBUTION, ETC. (IMPRINT) | |
| Place of publication, distribution, etc | Great Britain |
| Name of publisher, distributor, etc | The Pitman Press |
| Date of publication, distribution, etc | 1972 |
| Withdrawn status | Lost status | Source of classification or shelving scheme | Damaged status | Koha normalized classification for sorting | Not for loan | Koha collection | Location (home branch) | Sublocation or collection (holding branch) | Shelving location | Date acquired | Koha issues (times borrowed) | Koha full call number | Piece designation (barcode) | Koha date last seen | Koha date last borrowed | Price effective from | Koha item type |
|---|---|---|---|---|---|---|---|---|---|---|---|---|---|---|---|---|---|
| Library of Congress Classification | BR_00118_L65_1972 | Main Collection | ARRUPE LIBRARY | ARRUPE LIBRARY | Main Collection | 14/03/2014 | 3 | BR118.l65 1972 | 46003018314 | 15/11/2016 | 05/09/2014 | 14/03/2014 | Monograph ( Printed materials) |